[Event "Vandoeuvre op 16th"]
[Site "Vandoeuvre"]
[Date "2019.12.26"]
[Round "2"]
[White "Michels, Dave"]
[Black "Brehaut, Carl"]
[Result "0-1"]
[WhiteElo "1735"]
[BlackElo "1885"]
[PlyCount "82"]
[EventDate "2019.12.26"]
[EventType "swiss"]
[EventRounds "9"]
[EventCountry "FRA"]
[SourceTitle "CBM 194 Extra"]
[Source "ChessBase"]
[SourceDate "2020.03.31"]
[SourceVersion "1"]
[SourceVersionDate "2020.03.31"]
[SourceQuality "1"]

1. Nf3 Nf6 2. c4 e6 3. g3 d5 4. Bg2 Bd6 5. b3 0-0 6. 0-0 c6 7. Bb2 Nbd7 8. d3 Qe7 9. Nbd2 e5 10. cxd5 cxd5 11. Nh4 Nc5 12. b4 Na6 13. a3 Nc7 14. Nb3 Bd7 15. Nc5 Bxc5 16. bxc5 Na6 17. Nf3 d4 18. e3 dxe3 19. Nxe5 Ng4 20. f4 Nxc5 21. Re1 Nf2 22. Qe2 f6 23. Nxd7 Qxd7 24. Qxe3 Nfxd3 25. Red1 Rfe8 26. Qf3 Rad8 27. Bf1 Qf5 28. Bc3 Ne5 29. Qf2 Ng4 30. Rxd8 Rxd8 31. Qe2 Ne4 32. Bb4 h5 33. Re1 Rd4 34. Bg2 Ngf2 35. Qc2 a5 36. Bc3 Rc4 37. Qb3 Qc5 38. Bf1 Ng4+ 39. Kh1 Nef2+ 40. Kg2 Qd5+ 41. Kg1 Qh1# 0-1